Nuancen / (Record no. 1073)

MARC details
000 -LEADER
campo de control de longitud fija 00537nam a22001937a 4500
008 - DATOS DE LONGITUD FIJA--INFORMACIÓN GENERAL
campo de control de longitud fija 161012s2016 gw||||| |||| 00| 0 ger d
020 ## - NÚMERO INTERNACIONAL ESTÁNDAR DEL LIBRO
Número Internacional Estándar del Libro 978300538995
082 04 - NÚMERO DE LA CLASIFICACIÓN DECIMAL DEWEY
Número de clasificación 708
Número de ítem H236n
100 1# - ENTRADA PRINCIPAL--NOMBRE DE PERSONA
Nombre de persona Handick, Anna.
9 (RLIN) 5589
245 10 - MENCIÓN DEL TÍTULO
Título Nuancen /
Mención de responsabilidad, etc. Anna Handick ; textos por Neila Kemmer.
250 ## - MENCION DE EDICION
Mención de edición 1a ed.
260 ## - PUBLICACIÓN, DISTRIBUCIÓN, ETC.
Lugar de publicación, distribución, etc. Alemania :
Nombre del editor, distribuidor, etc. Forderbank Bayern,
Fecha de publicación, distribución, etc. 2016.
300 ## - DESCRIPCIÓN FÍSICA
Extensión 32 p.
Otras características físicas il.
653 10 - TÉRMINO DE INDIZACIÓN--NO CONTROLADO
Término no controlado Arte contemporáneo
653 10 - TÉRMINO DE INDIZACIÓN--NO CONTROLADO
Término no controlado Exhibiciones
653 10 - TÉRMINO DE INDIZACIÓN--NO CONTROLADO
Término no controlado Instalaciones
653 10 - TÉRMINO DE INDIZACIÓN--NO CONTROLADO
Término no controlado Arte - Alemania
700 1# - ENTRADA AGREGADA--NOMBRE PERSONAL
Nombre de persona Kemmer, Anna.
9 (RLIN) 5590
Holdings
Estatus retirado Estado de pérdida Fuente del sistema de clasificación o colocación Estado de daño No para préstamo Biblioteca de origen Biblioteca actual Ubicación en estantería Fecha de adquisición Total de préstamos Signatura topográfica completa Código de barras Visto por última vez Precio de reemplazo Tipo de ítem Koha
    Clasificación Decimal Dewey     Biblioteca LadoV Biblioteca LadoV   12/10/2016   708 H236n 004255 12/10/2016 12/10/2016 Material 01